| 000 | 00879nam0a22002651 4500 | ||
|---|---|---|---|
| 001 | rc\2775928 | ||
| 005 | 20250805160813.4 | ||
| 035 | _a(NLR Aleph) 006902218 | ||
| 090 |
_a7259534 _c7259534 |
||
| 100 | _a20110915d1941 |||y0rusy50 ca | ||
| 101 | 0 | _arus | |
| 102 | _aRU | ||
| 105 | _aa z ||||| | ||
| 200 | 1 |
_aХурма _fН. М. Мурри _gВсес. селекц. станция влажно-субтроп. культур |
|
| 210 |
_aСухуми _cАбгиз _d1941 |
||
| 215 |
_a64 с. _cил. _d22 см. |
||
| 320 | _aБиблиогр.: "Лит-ра по хурме", с. 61-2 | ||
| 700 | 1 |
_aМурри _bН. М. _gНиколай Михайлович |
|
| 801 | 0 |
_aRU _bNLR _gpsbo |
|
| 801 | 1 |
_aRU _bELAR _2rusmarc |
|
| 852 |
_aNLR _jС40 Г-6/3 |
||
| 942 | _cBOOK | ||
| 945 | _aРоссийская национальная библиотека | ||
| 980 | _aNB | ||
| 980 | _aBV | ||